El Instituto de Investigaciones de Historia del Derecho. A cuarenta años de su fundación (1973-2013): reseña histórica.

Wedi'i Gadw mewn:
Manylion Llyfryddiaeth
Awdur Corfforaethol: Instituto de Investigaciones de Historia del Derecho (autor)
Fformat: Llyfr
Cyhoeddwyd: Buenos Aires, Argentina: Instituto de Investigaciones de Historia del Derecho, 2014.
Pynciau:
Tagiau: Ychwanegu Tag
Dim Tagiau, Byddwch y cyntaf i dagio'r cofnod hwn!

MARC

LEADER 00000nam a22000007a 4500
003 CL-VaPUC
005 20220822114620.0
008 220713t2014 ||||| |||| 00| 0 eng d
999 |c 437008  |d 437006 
020 |a 978-987-1612-06-2 
040 |c Pontificia Universidad Católica de Valparaíso 
082 |a 340.0982 INS 2014 
110 |a Instituto de Investigaciones de Historia del Derecho  |e autor  |9 872835 
245 |a El Instituto de Investigaciones de Historia del Derecho.  |b A cuarenta años de su fundación (1973-2013): reseña histórica. 
260 |a Buenos Aires, Argentina:   |b Instituto de Investigaciones de Historia del Derecho,   |c 2014. 
300 |a 63 páginas. 
500 |a c.1 Donación Familia Prof. Alejandro Guzmán Brito. 
583 |c 20220713  |k Catalogador Asistente 
610 |a Instituto de Investigaciones de Historia del Derecho  |x Historia   |z Argentina  |9 872845 
942 |2 ddc  |c BK  |n 0 
952 |0 0  |1 0  |2 ddc  |4 0  |6 340_098200000000000_INS_2014  |7 1  |8 C_AGB  |9 584744  |a BIBDER  |b BIBDER  |d 2022-07-13  |e Donación  |i 5652916  |o 340.0982 INS 2014  |p 5652916  |r 2023-01-25  |t 1  |w 2022-07-13  |y BK_US  |k AGB